|
|
|
|
| LEADER |
00000nab a2200000 a 4500 |
| 001 |
vtls010293492 |
| 003 |
SK-MaSNL |
| 005 |
20260304215932.0 |
| 008 |
110720c2011 xo r m 000 00slo |
| 015 |
|
|
|a SNBRA2011/07SVKPO
|
| 038 |
|
|
|a SVKPO
|
| 040 |
|
|
|a SVKPOCL
|b slo
|c SVKPOCL
|e AACR2
|
| 041 |
0 |
|
|a slo
|
| 044 |
|
|
|a xo
|c SK
|
| 080 |
|
|
|a 655+686.1
|2 2001
|
| 080 |
|
|
|a [930.85:08/09(091)]
|2 2001
|
| 080 |
|
|
|a 005.745
|2 2001
|
| 080 |
|
|
|a (437.671.117.176)
|2 2001
|
| 100 |
1 |
|
|a Szabó, Viktor,
|d 1979-
|4 aut
|9 125809
|
| 245 |
1 |
0 |
|a Vedecká konferencia Duchovné bohatstvo východného Slovenska - Knižná kultúra II., ŠVK Prešov, 22.-23. september 2010
|c Viktor Szabó
|
| 610 |
2 |
7 |
|a Štátna vedecká knižnica v Prešove
|2 snkbucl
|9 252340
|
| 611 |
2 |
7 |
|a Duchovné bohatstvo východného Slovenska - Knižná kultúra
|n (2 :
|d 2010 :
|c Prešov, Slovensko)
|2 svkpocl
|9 1551124
|
| 648 |
|
7 |
|a 22.-23.9.2010
|2 svkpocl
|9 1551125
|
| 650 |
0 |
7 |
|a knižná kultúra
|2 svkpocl
|9 31235
|
| 650 |
0 |
7 |
|a dejiny knižnej kultúry
|2 svkpocl
|9 71470
|
| 650 |
0 |
7 |
|a konferencie
|2 svkpocl
|9 19221
|
| 651 |
|
7 |
|a Prešov (Slovensko)
|2 svkpocl
|9 17347
|
| 773 |
0 |
|
|t Z dejín knižnej kultúry východného Slovenska II. / Marcela Domenová (ed.)
|d Prešov : Štátna vedecká knižnica, 2011
|g S. 191-194
|z 9788085734898
|
| 852 |
|
|
|a SVKPO
|b KIS3GCP
|
| 958 |
|
|
|a SK
|
| 958 |
|
|
|a NB
|
| 999 |
|
|
|c 3148949
|d 3150879
|